[Event "Vojvodina Cup"]
[Site "Banja Junakovic"]
[Date "2007.05.01"]
[Round "5.5"]
[White "Vladisavljevic, Nenad"]
[Black "Rogac, Srdjan"]
[Result "0-1"]
[WhiteElo "2213"]
[BlackElo "2300"]
[PlyCount "22"]
[EventDate "2007.04.28"]
[EventType "team"]
[EventRounds "5"]
[EventCountry "YUG"]
[SourceTitle "EXT 2008"]
[Source "ChessBase"]
[SourceDate "2007.11.25"]
[SourceVersion "1"]
[SourceVersionDate "2007.11.25"]
[SourceQuality "1"]

1. d4 Nf6 2. Nc3 d5 3. Bg5 Nbd7 4. Qd2 h6 5. Bh4 c6 6. f3 e6 7. e4 dxe4 8. Nxe4 Nxe4 9. fxe4 Qxh4+ 10. g3 Qxe4+ 11. Kf2 Nf6 0-1